| 000 | 00783nam a2200313Ia 4500 | ||
|---|---|---|---|
| 008 | 170203s9999 xx 000 0 und d | ||
| 020 | _a0-076016021 | ||
| 050 | _aFic | ||
| 050 | _bL847t | ||
| 100 | _aWood, Barbara. | ||
| 245 | _aJack London's The call of the wild / | ||
| 245 | _cretold by Barbara Wood ; illustrated by Gary Torrisi. | ||
| 260 | _aColumbus, OH : | ||
| 260 | _bSRA/McGraw-Hill, | ||
| 260 | _c©2004. | ||
| 300 | _a60 pages : | ||
| 300 | _billustrations ; | ||
| 300 | _c18 cm. | ||
| 440 | _aReaching goals, | ||
| 440 | _vbk. 6. | ||
| 650 | _aDogs -- | ||
| 650 | _aWolves -- | ||
| 650 | _aYukon -- | ||
| 650 | _xFiction. | ||
| 650 | _xFiction. | ||
| 650 | _xFiction. | ||
| 700 | _aLondon, Jack. | ||
| 700 | _aTorrisi, Gary, ill. | ||
| 999 |
_c306669 _d306669 |
||